LIBRARY & INFORMATION CENTRE, KCAET, TAVANUR

ONLINE PUBLIC ACCESS CATALOGUE (OPAC)

Romola / (Record no. 3439)

MARC details
000 -LEADER
fixed length control field 00341cam a2200145ua 4500
041 ## - LANGUAGE CODE
Language code of text/sound track or separate title eng
082 ## - DEWEY DECIMAL CLASSIFICATION NUMBER
Classification number 823.308
Item number ELI/RO
100 ## - MAIN ENTRY--AUTHOR NAME
Personal name Eliot, George.
245 ## - TITLE STATEMENT
Title Romola /
260 ## - PUBLICATION, DISTRIBUTION, ETC. (IMPRINT)
Place of publication London :
Name of publisher J M dent & Son Ltd ,
Year of publication 1961.
300 ## - PHYSICAL DESCRIPTION
Number of Pages 578 ; .
942 ## - ADDED ENTRY ELEMENTS (KOHA)
Koha item type Books
Holdings
Withdrawn status Lost status Damaged status Home library Current library Date acquired Full call number Accession Number Koha item type
Withdrawn     KAUAET KAUAET 28/01/2021 823.308 ELI/RO 5153 Books
Withdrawn     KAUAET Sanskrit University 07/04/2012 823.308 4517 Books
free website counter